00981nam a22002297a 4500003000500000005001700005008004100022020001800063050002700081100002100108245014800129260004300277300002400320500005100344650003600395650003700431650006100468650006400529942001200593999001900605952012700624SISC20170711153716.0170711b xxu||||| |||| 00| 0 eng d a9781462527779 aRJ 505.C63b.C678 2017 aCohen, Judith A. aTrauma-focused CBT for children and adolescents :btreatment applications /cedited by Judith A. Cohen, Anthony P. Mannarino, Esther Deblinger. aNew York :bThe Guilford Press,c2012. a308 pages ;c23 cm. aIncludes bibliographical references and index. aCognitive therapy for children. aCognitive therapy for teenagers. aPost-traumatic stress disorder in children -- Treatment. aPost-traumatic stress disorder in adolescence -- Treatment. 2lcccBK c340268d340268 00102lcc40aCLbCLcGSLd2017-07-11eLibrary Fundl0oRJ 505.C63 .C678 2017pC20996r2018-05-15 00:00:00w2017-07-11yBK